LEADER 00874nam a2200205 i 4500 001 000000019086 003 CaOOAMICUS 005 20190924143507.0 008 180830s2009 it u000 u ita u 040 $aSeMil$bita 100 1 $aCasella, Francesco.$0(OLS)http://semarc/name/37855 245 10$aStoria della pedagogia /$cFrancesco Casella. 260 $aRoma :$bLAS,$c2009. 300 $av. ;$c24 cm. 650 4$aPedagogia - Storia.$0(OLS)http://semarc/subject/474 774 0 $tDall'antichità classica all'Umanesimo-Rinascimento.$dRoma : LAS, 2009.$kEnciclopedia delle scienze dell'educazione$z978-88-213-0727-0$g1$w()253945 830 0$aEnciclopedia delle scienze dell'educazione.$0(OLS)http://semarc/title/7575 996 $6245$aStoria della pedagogia$9(OLS)http://semarc/title/117034 996 $6260$aRoma :$bLAS$9(OLS)http://semarc/publisher/29900 LEADER 01452nam a2200265 i 4500 001 000000052511 003 CaOOAMICUS 005 20110108000000.0 008 110108s1964 it u000 u ita u 013 $a23683 040 $aSeMil$bita 100 1 $aAntonelli, Ferdinando,$c.$0(OLS)http://semarc/name/15704 245 10$aCostituzione conciliare sulla Sacra Liturgia :$bintroduzione, testo latino-italiano, commento /$cF. Antonelli, R. Falsini ; con la collaborazione di A. Bugnini ... [et al.]. 260 $aMilano :$bOpera della Regalità di N.S.G.C.,$c1964. 300 $a367 p. ;$c20 cm. 490 0 $aSussidi liturgico-pastorali ;$v7 650 4$aConcilio Vaticano II <1962-1965> - Costituzione sulla Sacra Liturgia . Sacrosanctum Concilium.$0(OLS)http://semarc/subject/8727 700 1 $aFalsini, Rinaldo,$c.$0(OLS)http://semarc/name/314 700 1 $aBugnini, Annibale,$c.$0(OLS)http://semarc/name/6859 830 0$aSussidi liturgico-pastorali ;$v7.$0(OLS)http://semarc/title/7021 850 $aSeMil 852 $aSeMil$W1$xVenegono$y1$m3K I 198$j18665$B18665$CSeMilBibl$Z2$F18667 $81 961 $aOmaggio: Donazione 996 $6245$aCostituzione conciliare sulla Sacra Liturgia :$bintroduzione, testo latino-italiano, commento$9(OLS)http://semarc/title/80584 996 $6260$aMilano :$bOpera della Regalità di N.S.G.C.$9(OLS)http://semarc/publisher/29788